مكتبة جامعة عجلون الوطنية

فهرس بحث المكتبة

Normal view MARC view
  • بني عيسى، عادل سليمان

Entry Personal Name

Number of records used in: 1

001 - CONTROL NUMBER

  • control field: 23424

003 - CONTROL NUMBER IDENTIFIER

  • control field: JO-AjAnu

005 - DATE AND TIME OF LATEST TRANSACTION

  • control field: 20230606074028.0

008 - FIXED-LENGTH DATA ELEMENTS

  • fixed length control field: 230606|| aca||aabn | a|a d

040 ## - CATALOGING SOURCE

  • Original cataloging agency: JO-AjAnu
  • Transcribing agency: JO-AjAnu

100 ## - HEADING--PERSONAL NAME

  • Personal name: بني عيسى، عادل سليمان

670 ## - SOURCE DATA FOUND

  • Source citation: Work cat.: (JO-AjAnu)12040: بني عيسى، عادل سليمان, author, نفحات من الأردن: ديوان شعر